|
|
|
|
| LEADER |
00000nab a2200000 a 4500 |
| 001 |
vtls000997364 |
| 003 |
SK-MaSNL |
| 005 |
20260304140048.0 |
| 008 |
250505c2004 xo mr|p|||||||000 b|slo |
| 015 |
|
|
|a SNBRB2004/12
|2 snkbucl
|
| 035 |
|
|
|a (uuid)29764e6b-3e1d-460e-8022-10ea1539260f
|
| 035 |
|
|
|a urn:nbn:sk:snk-ab7jt4
|
| 035 |
|
|
|a (urnnbn)urn:nbn:sk:snk:ar-005z1u
|
| 038 |
|
|
|a SNKBUCL
|
| 040 |
|
|
|a SNKBUCL
|b slo
|c SNKBUCL
|e AACR2
|
| 041 |
0 |
|
|a cze
|b eng
|
| 044 |
|
|
|a xo
|c SK
|
| 080 |
|
|
|a 372.854
|2 1997
|
| 080 |
|
|
|a 159.923.2-057.874
|2 1997
|
| 080 |
|
|
|a 371.212:159.923
|2 1997
|
| 100 |
1 |
|
|a Chupáč, Aleš
|4 aut
|9 1118211
|
| 245 |
1 |
0 |
|a Projekt ve výuce chemie jako způsob realizace osobnosti žáka na základní škole
|c Aleš Chupáč
|
| 504 |
|
|
|a Bibliogr. odkazy
|
| 546 |
|
|
|a Res. angl
|
| 650 |
0 |
7 |
|a chémia
|x vyučovanie
|2 snkbucl
|9 17352
|
| 650 |
0 |
7 |
|a žiaci
|x osobnosť
|2 snkbucl
|9 1193486
|
| 650 |
0 |
7 |
|a osobnosť
|2 snkbucl
|9 4341
|
| 773 |
0 |
|
|t Pedagogická revue
|g Roč. 56., č. 3 (2004), s. 303-311
|x 1335-1982
|
| 850 |
|
|
|a Slovenská národná knižnica
|
| 852 |
|
|
|a Slovenská národná knižnica
|
| 958 |
|
|
|a article7
|
| 958 |
|
|
|a OND
|
| 958 |
|
|
|a NB
|
| 958 |
|
|
|a EUIPO
|
| 999 |
|
|
|c 2913383
|d 2915313
|